<?xml version="1.0" encoding="UTF-8"?>
<record
    xmlns:xsi="http://www.w3.org/2001/XMLSchema-instance"
    xsi:schemaLocation="http://www.loc.gov/MARC21/slim http://www.loc.gov/standards/marcxml/schema/MARC21slim.xsd"
    xmlns="http://www.loc.gov/MARC21/slim">

  <leader>00533cam a22001934a 4500</leader>
  <controlfield tag="001">sa 65001368 </controlfield>
  <controlfield tag="003">DLC</controlfield>
  <controlfield tag="005">20260227112109.0</controlfield>
  <controlfield tag="008">820504s1961    pk a          000 0 urdo </controlfield>
  <datafield tag="010" ind1=" " ind2=" ">
    <subfield code="a">sa 65001368 </subfield>
  </datafield>
  <datafield tag="040" ind1=" " ind2=" ">
    <subfield code="a">DLC</subfield>
    <subfield code="c">DLC</subfield>
    <subfield code="d">DLC</subfield>
  </datafield>
  <datafield tag="050" ind1="0" ind2="0">
    <subfield code="a">PK2200.S43191655</subfield>
    <subfield code="b">D8 1961</subfield>
  </datafield>
  <datafield tag="100" ind1="0" ind2=" ">
    <subfield code="a">Shak&#x12B;l Bad&#x101;y&#x16B;n&#x12B;,</subfield>
    <subfield code="d">1916-1970.</subfield>
  </datafield>
  <datafield tag="245" ind1="1" ind2="0">
    <subfield code="a">D&#x16B;r ko&#x2BC;&#x12B; g&#x101;&#x2BC;e /</subfield>
    <subfield code="c">Shak&#x12B;l Bad&#x101;y&#x16B;n&#x12B;.</subfield>
  </datafield>
  <datafield tag="260" ind1=" " ind2=" ">
    <subfield code="a">L&#x101;haur :</subfield>
    <subfield code="b">Niy&#x101;z&#x12B; Pablisharz,</subfield>
    <subfield code="c">[1961?]</subfield>
  </datafield>
  <datafield tag="300" ind1=" " ind2=" ">
    <subfield code="a">128 p. :</subfield>
    <subfield code="b">ill. ;</subfield>
    <subfield code="c">19 cm.</subfield>
  </datafield>
  <datafield tag="500" ind1=" " ind2=" ">
    <subfield code="a">Poems.</subfield>
  </datafield>
  <datafield tag="546" ind1=" " ind2=" ">
    <subfield code="a">In Urdu.</subfield>
  </datafield>
  <datafield tag="999" ind1=" " ind2=" ">
    <subfield code="c">62030</subfield>
    <subfield code="d">62030</subfield>
  </datafield>
</record>
